La abogacía en España y en el mundo / (Record no. 63255)

MARC details
000 -LEADER
campo de control de longitud fija 00434nam a2200145 i 4500
001 - NÚMERO DE CONTROL
campo de control 63255
003 - IDENTIFICADOR DE NÚMERO DE CONTROL
campo de control ES-MaACL
007 - CAMPO FIJO DE DESCRIPCIÓN FÍSICA--INFORMACIÓN GENERAL
campo de control de longitud fija t|
008 - DATOS DE LONGITUD FIJA--INFORMACIÓN GENERAL
campo de control de longitud fija 031205s1955 sp ||||1| spa d
100 1# - ENTRADA PRINCIPAL--NOMBRE DE PERSONA
Nombre de persona Fernández Serrano, Antonio.
9 (RLIN) 50093
245 13 - MENCIÓN DEL TÍTULO
Título La abogacía en España y en el mundo /
Mención de responsabilidad, etc. por Antonio Fernández Serrano.
260 ## - PUBLICACIÓN, DISTRIBUCIÓN, ETC.
Lugar de publicación, distribución, etc. Madrid :
Nombre del editor, distribuidor, etc. L.I.D.,
Fecha de publicación, distribución, etc. 1955 (
Fabricante Lutkas)
300 ## - DESCRIPCIÓN FÍSICA
Extensión 2 v. ;
Dimensiones 21 cm.
852 ## - LOCALIZACIÓN
Ubicación ES-MaACL
Número de control de estantería C-9614-5
Sublocalización o colección R.37620
Holdings
Estatus retirado Estado de pérdida Estado de daño No para préstamo Biblioteca de origen Biblioteca actual Ubicación en estantería Fecha de adquisición Fuente de adquisición Total de préstamos Signatura topográfica completa Código de barras Visto por última vez Precio de reemplazo Tipo de ítem Koha
        Biblioteca del Ateneo de Madrid Biblioteca del Ateneo de Madrid Sala Palomar 17/01/2008     C-9614-5 1066306 23/02/2023 23/02/2023 Libro impreso